|
|
|
|
| LEADER |
00000cam a2200000 i 4500 |
| 001 |
1/66803 |
| 008 |
150212s2004 gr | ||| |||| ||gre|| |
| 020 |
|
|
|a 9608071720
|
| 035 |
|
|
|l 10121042
|
| 040 |
|
|
|a GR-MyUA
|b gre
|e AACR2
|
| 041 |
1 |
|
|a gre
|h eng
|
| 082 |
0 |
|
|a 616.029
|2 (23)
|
| 100 |
1 |
|
|a Kinghorn, Shaun.
|
| 245 |
1 |
0 |
|a Ανακουφιστική νοσηλευτική :
|b εξασφαλίζοντας ελπίδα και ποιότητα ζωής /
|c Shaun Kinghorn, Richard Gamlin ; επιμέλεια ελληνικής έκδοσης Ε. Θεοδοσοπούλου-Ευθυμίου.
|
| 260 |
|
|
|a Αθήνα :
|b Βήτα,
|c 2004.
|
| 300 |
|
|
|a 341 σ. ;
|c 24 εκ.
|
| 500 |
|
|
|a Τίτλος πρωτοτύπου: Palliative nursing.
|
| 504 |
|
|
|a Περιλαμβάνει βιβλιογραφία και ευρετήριο.
|
| 650 |
0 |
0 |
|a Patients
|x Psychology.
|
| 650 |
0 |
0 |
|a Pain
|x Treatment.
|
| 650 |
0 |
0 |
|a Palliative care.
|
| 650 |
0 |
0 |
|a Terminally ill
|x Psychology.
|
| 650 |
0 |
0 |
|a Terminal care.
|
| 700 |
1 |
|
|a Gamlin, Richard.
|
| 700 |
1 |
|
|a Θεοδοσοπούλου-Ευθυμίου, Ε.
|e edtf
|
| 852 |
|
|
|a INST
|b LESVOS
|e 20150212
|h 616.029 KIN
|p 005100056062
|q 005100056062
|t BK
|y 0
|
| 901 |
|
|
|a BIBL1-2015-1
|
| 909 |
|
|
|a Λ
|b 191768
|
| 970 |
|
|
|a ΤΖΑΦΕΡΗ
|b ΕΥΑΓΓΕΛΙΑ
|z 2015/02/12
|